THE POEM TREE- 6 (Record no. 393652)

MARC details
000 -LEADER
fixed length control field 00344nam a2200157Ia 4500
008 - FIXED-LENGTH DATA ELEMENTS--GENERAL INFORMATION
fixed length control field 100122s9999 xx 000 0 und d
082 ## - DEWEY DECIMAL CLASSIFICATION NUMBER
Item number 76809
Classification number B821
100 ## - MAIN ENTRY--PERSONAL NAME
Personal name GASPER DEAN
245 ## - TITLE STATEMENT
Title THE POEM TREE- 6
250 ## - EDITION STATEMENT
Edition statement 1
260 ## - PUBLICATION, DISTRIBUTION, ETC. (IMPRINT)
Date of publication, distribution, etc 2002
300 ## - PHYSICAL DESCRIPTION
Extent 65
630 ## - SUBJECT ADDED ENTRY--UNIFORM TITLE
Uniform title THE POEM TREE- 6
730 ## - ADDED ENTRY--UNIFORM TITLE
Uniform title THE POEM TREE- 6
942 ## - ADDED ENTRY ELEMENTS (KOHA)
Koha item type Book
Holdings
Withdrawn status Lost status Damaged status Not for loan Home library Current library Date acquired Cost, normal purchase price Total Checkouts Full call number Barcode Date last seen Cost, replacement price Price effective from Koha item type Public note
        S.V. Pathak Library, Vile Parle S.V. Pathak Library, Vile Parle 08/04/2009 47.00   76809 SVPPARLE-76809 01/25/2010 47.00 01/25/2010 Book ", , ,"